Negyedic Resz;e Az Evangeliomokbol, Es Az Epistolakbol Valo Tanvsagoknac ... . ira: Bornemisza Peter ....

Bibliographic Details
Main Author: Bornemisa, Peter, 1535-1584 (Author, Printer, Dedicator)
Other Authors: Török, František (ini), Töröková, Barbora (ini)
Format: Book
Language:Hungarian
PhysicalDescription:VIII, 8 nečíslovaných listov, 930 listov 4°
Subjects:

MARC

LEADER 00000cam a2200000 4500
001 vtls008869133
003 SK-MaSNL
005 20260301094227.0
008 180810s1578 xo f 01 00 hun
015 |a SNBHFA 
035 |a cpl000129917 
040 |a SNK  |b slo  |c SNK  |e rda 
041 0 |a hun 
044 |a xo  |c SK 
072 7 |a 27-46/-48  |x Pastorálna teológia  |2 konspekt 
080 |a 27-46  |2 2011 
080 |a 274/279-1  |2 2011 
100 1 |a Bornemisa, Peter,  |d 1535-1584  |4 aut  |4 prt  |4 dto  |9 133813 
245 1 0 |a Negyedic Resz;e Az Evangeliomokbol, Es Az Epistolakbol Valo Tanvsagoknac ... .  |b ira: Bornemisza Peter .... 
264 3 |a Költ Sempteröl  |b P. Bornemisza  |c 1578 
300 |a VIII, 8 nečíslovaných listov, 930 listov  |c 4° 
336 |a text  |b txt  |2 rdacontent 
337 |a bez média  |b n  |2 rdamedia 
338 |a zväzok  |b nc  |2 rdacarrier 
500 |a Na listoch 647b-930: Predikacioc Nagy Soc Czvdalatos Kisirtetekröl. Oerdögi, Világi, es Testi kisirtetekröl 
508 |a Bornemisza venuje zo Šintavy okolo Turíc (19. apr.) 1578 Štefanovi Törökovi z Enyingu, dedičnému županovi Huňadskej stolice, synovi Františka Töröka z Enyingu a Barbory Orságovej z Guthu, v tom čase vdovy gr. Ecka 
650 0 7 |a pastorálna teológia  |2 SNKPH  |9 1811 
650 0 7 |a evanjelická teológia  |2 SNKPH  |9 4016 
650 0 7 |a homiletika  |2 SNKPH  |9 1812 
700 1 |a Török, Štefan  |4 hnr  |9 427698 
700 1 |a Török, František  |4 ini  |9 293798 
700 1 |a Töröková, Barbora  |4 ini  |9 427699 
752 |a Slovensko  |d Šintava 
852 |a snk  |p SD 14883 (na začiatku neúpl. a koniec len po l. 923) 
852 |a snk  |p SD 41905/4 
958 |a ONDV 
958 |a DA 
999 |c 679643  |d 681573 
952 |a SNK  |b SNK  |c SNK_HF  |y PREZ  |7 0  |p 17A1024286  |o snkSD 41905/4 D1  |i snkKSF 446/58  |8 5  |0 0  |1 0  |4 0  |d 2016-01-25  |l 0  |r 2026-02-23 19:53:16  |w 2026-02-23